000 00600nam a22001817a 4500
005 20251108164258.0
008 250721s1992 xx 000 0 ara d
082 1 4 _a352.0565/محم
100 1 _aغزاوى، محمد سليم محمد
245 1 0 _aنظرات حول الإدارة المحلية في المملكة الأردنية الهاشمية /
264 1 _aعمان :
_bالمكتبة الوطنية،
_c1992.
300 _a175ص
650 1 7 _aالإدارة المحلية
650 1 7 _aالأردن
650 1 7 _aالحكومة المحلية
942 _2ddc
_cBK
999 _c8204
_d8204